[Event "SRI-chB (Women)"]
[Site "Colombo"]
[Date "2023.03.04"]
[Round "2"]
[White "Tharushi, THD Niklesha"]
[Black "Dasanya, KK Hansali"]
[Result "1-0"]
[WhiteElo "1570"]
[BlackElo "1234"]
[PlyCount "155"]
[EventDate "2023.03.04"]
[EventType "swiss"]
[EventRounds "11"]
[EventCountry "SRI"]
[SourceTitle "CBM 213 Extra"]
[Source "ChessBase"]
[SourceDate "2023.05.31"]
[SourceVersion "1"]
[SourceVersionDate "2023.05.31"]
[SourceQuality "1"]

1. d4 d5 2. c4 e6 3. Nc3 Nf6 4. cxd5 exd5 5. Bg5 c6 6. e3 Be7 7. Bd3 0-0 8. Nge2 Nbd7 9. Qc2 Re8 10. Bf4 b5 11. 0-0 Bb7 12. f3 Nf8 13. e4 dxe4 14. fxe4 a6 15. Qd2 Bb4 16. Bg5 Be7 17. e5 Nd5 18. Bxe7 Rxe7 19. Ne4 h6 20. Rac1 Ne6 21. Nd6 Qd7 22. Bb1 Rb8 23. Nxb7 Qxb7 24. Qc2 Nf8 25. Qxc6 Qxc6 26. Rxc6 a5 27. Ra6 a4 28. Rd6 Nb6 29. Nc3 Nc4 30. Rd5 Ne3 31. Rxb5 Rxb5 32. Nxb5 Nxf1 33. Kxf1 Rd7 34. Ke2 Ne6 35. Ke3 Nc7 36. Nd6 Nd5+ 37. Ke4 Nb6 38. Bd3 Kf8 39. Bc4 Nxc4 40. Nxc4 Rb7 41. d5 Ke7 42. Kd4 Rb5 43. g4 g5 44. h3 Kd7 45. Kc3 Ke7 46. Ne3 Kd7 47. b3 axb3 48. axb3 Rb6 49. Kc4 Ra6 50. Nf5 Rb6 51. b4 Ra6 52. Kc5 Ke8 53. b5 Ra3 54. Nxh6 Rxh3 55. Nf5 Rc3+ 56. Kd6 Rb3 57. Nd4 Rd3 58. Nc6 Rb3 59. Na7 Kd8 60. Nc6+ Ke8 61. Nd4 Rd3 62. Kc5 Kd7 63. Kc4 Rg3 64. e6+ fxe6 65. dxe6+ Kc7 66. e7 Kd7 67. b6 Rg1 68. b7 Rc1+ 69. Kb4 Rd1 70. e8Q+ Kxe8 71. b8Q+ Kd7 72. Qb5+ Kd6 73. Qc6+ Ke5 74. Qe6+ Kf4 75. Qf5+ Ke3 76. Qf3+ Kd2 77. Qe2+ Kc1 78. Qc2# 1-0